| 000 | 00686nam a2200229 a 4500 | ||
|---|---|---|---|
| 001 | BRCA_8351 | ||
| 005 | 20190320210238.0 | ||
| 008 | 150714s1925----gw-a###f##---#001-0#ger-# | ||
| 041 | _ager | ||
| 044 | _agw | ||
| 050 | 4 |
_aNE1310 _b.G73 1925 |
|
| 100 | 1 |
_aGraf, Oscar _920904 |
|
| 245 | 1 | 0 |
_aJapanisches gespensterbuch _cherausgegeben von Oscar und Cacilie Graf. |
| 260 |
_aAlemania _bUnion Deutsche Verlagsgesellschaft _c1925 |
||
| 300 |
_a63 p. _bil. (algunas a color), 142 láminas _c29 cm. |
||
| 500 | _aR83 | ||
| 650 | 1 | 4 |
_aGrabados japoneses _xCatálogos _920905 |
| 650 | 1 | 4 |
_aPintura japonesa _91216 |
| 700 | 1 |
_aGraf, Cacilie _ecoaut. _920906 |
|
| 902 | _aGFM | ||
| 942 |
_2lcc _cB |
||
| 999 |
_c8019 _d8019 |
||